000 00336nam a2200145 i 4500
001 bg
100 1 _aZIOBROŃ, Władysław
245 0 _aMetody statystyczne /
_cWładysław Ziobroń.
250 _aWyd.3.
260 _aKraków,
_c1977.
040 _cBPK
041 _apol
942 _cKS
008 s pl f |000 0 pol
999 _c27840
_d27840
856 _uhttp://koha.tu.koszalin.pl/cgi-bin/koha/opac-detail.pl?biblionumber=27840
_yKatalog online BPK